NEFFEX - Destiny Lyrics - Statistics

General Stats
  • This quiz has been taken 24 times
  • The average score is 184 of 363
Answer Stats
Answer % Correct
I
100%
be
93%
be,
93%
believe
93%
destiny,
93%
do
93%
don't
93%
Don't
93%
in
93%
me
93%
me,
93%
the
93%
to
93%
what
93%
a
87%
best
87%
for
87%
just
87%
my
80%
They
80%
they
80%
what's
80%
win,
80%
Yeah
80%
yeah
80%
jealousy,
73%
listen
73%
no
73%
No,
73%
of
73%
enemies,
67%
go
67%
I'm
67%
it
67%
see
67%
and
60%
And
60%
full
60%
not
60%
they're
60%
This
60%
this
60%
up
60%
up,
60%
wanna
60%
you
60%
You
60%
legacy,
53%
lie,
53%
love,
53%
love
53%
So
53%
so
53%
won
53%
enough
47%
fight
47%
give
47%
grow
47%
is
47%
it's
47%
It's
47%
know
47%
left
47%
left,
47%
make
47%
obsessive,
47%
quest,
47%
selective
47%
some
47%
watch
47%
won't
47%
at
40%
Better
40%
call
40%
Call
40%
giving
40%
'gon
40%
I've
40%
let
40%
notes
40%
quite
40%
rest
40%
rest,
40%
say
40%
stop
40%
success
40%
test
40%
too
40%
want
40%
way
40%
will
40%
aggressive
33%
ain't
33%
But
33%
but
33%
by,
33%
flow
33%
he
33%
known
33%
mentally
33%
nothing
33%
nothing,
33%
obsessed
33%
offensive,
33%
oh,
33%
physically
33%
seen
33%
still
33%
Still
33%
there
33%
tough
33%
Try
33%
try,
33%
until
33%
with
33%
yet
33%
yet,
33%
been
27%
end,
27%
even
27%
Even
27%
get
27%
injuries,
27%
journey
27%
mess
27%
never
27%
Put
27%
something
27%
something,
27%
than
27%
them
27%
though
27%
through
27%
victory
27%
alone
20%
die
20%
duh
20%
gonna
20%
got
20%
history
20%
I'ma
20%
learning,
20%
life's
20%
on
20%
people
20%
repeat
20%
rough
20%
searching,
20%
'til
20%
we
20%
all
13%
bad
13%
'Cause
13%
hard
13%
I'll
13%
leave
13%
living
13%
okay,
13%
passion
13%
regret
13%
right,
13%
Studied
13%
those
13%
Tryna
13%
words,
13%
words
13%
working
13%
working,
13%
alright,
7%
burning,
7%
down
7%
fine,
7%
getting
7%
hurts
7%
rather
7%
religiously,
7%
stopping
7%
tell
7%
they'll
7%
thirteen,
7%
action
0%
admit
0%
barely
0%
seat,
0%
since
0%
these
0%
they'd
0%
took
0%
writing
0%
you'll
0%
No matching quizzes found
Score Distribution
Percent of People with Each Score
Percentile by Number Answered
Your Score History
You have not taken this quiz